Alep et la Syrie du Nord /

محفوظ في:

مؤلفون آخرون: Fuglestad-Aumenunier, Viviane.

التنسيق: كتاب

اللغة: French

منشور في: La Calade [France] : Edisud, 1991.

سلاسل: Revue du monde musulman et de la Mediterranee ; 62.

الموضوعات:

الوسوم: إضافة وسم

لا توجد وسوم, كن أول من يضع وسما على هذه التسجيلة!

رقم الطلب: DS99 .A56 F82 1991

LEADER 00921namaa2200265 4500
003 OSt
005 20260217101330.0
008 130303s1991 fr ab b 000 0 fre d
020 |a 2857445962 
040 |c ARCE Library 
043 |a a-sy--- 
050 4 |a DS99 .A56 F82 1991 
245 0 0 |a Alep et la Syrie du Nord /  |c [sous la coordinacion de Viviane Fuglestad-Aumenier]. 
264 1 |a La Calade [France] :   |b Edisud,   |c 1991. 
300 |a 208 pages :  |b illustrations, maps ;  |c 24 cm. 
490 1 |a Revue du monde musulman et de la Mediterranee ;  |v 62. 
504 |a Includes bibliographical references. 
650 0 |a Hebrew language  |x Dialects  |z Syria  |z Aleppo. 
650 0 |a Jews  |z Syria  |z Aleppo  |x Languages. 
651 0 |a Aleppo (Syria)  |x Languages. 
700 1 |a Fuglestad-Aumenunier, Viviane.  |9 30353 
830 0 |a Revue du monde musulman et de la Mediterranee ;  |v 62. 
901 |a reviewed 
942 |c BK  |2 lcc 
999 |c 2211  |d 2211